000 00221nam a22001097a 4500
100 _aNorman, lewis
245 _aword power made easy
250 _a2012
260 _bGoyal publication
300 _a686
942 _2ddc
_cBK
999 _c11023
_d11023